| 000 | 01734nam a2200373 i 4500 | ||
|---|---|---|---|
| 003 | DO-SdBNP | ||
| 005 | 20240503073631.0 | ||
| 007 | ta | ||
| 008 | 230328b1870 sp a|||| |||| 00| 0 spa d | ||
| 040 |
_aDO-SdBNP _bspa _cBNPHU _erda |
||
| 082 | 4 |
_a863.3 _bC419i 1879 _222 |
|
| 100 | 1 |
_aCervantes Saavedra, Miguel de, _d1547-1616 _93070 |
|
| 245 | 1 | 3 |
_aEl ingenioso hidalgo Don Quijote de la Mancha ; _bEl Buscapié / _cMiguel de Cervantes y Saavedra |
| 246 | 3 | 3 | _aEl Buscapié |
| 250 | _aNovísima edición. | ||
| 264 |
_aMadrid : _bImprenta y Librería de Gaspar, _c1879 |
||
| 300 |
_a 540 , 17 páginas, [7] hojas de lámina : _bilustraciones ; _c27 cm. |
||
| 336 |
_2rdacontent _atexto _btxt |
||
| 337 |
_2rdamedia _asin mediación _bn |
||
| 338 |
_2rdacarrier _avolumen _bnc |
||
| 490 | 0 | _aBiblioteca ilustrada de Gaspar y Roig | |
| 500 | _aInclue referencias bibliográficas y notas al pie de las páginas | ||
| 500 | _aCon notas históricas, críticas y gramaticales, de la Academia Española, Pellicer, Arrieta, Clemencin, Cuesta, Janer, etc. ; aumentada con el Buscapié anotado por Adolfo de Castro ; adornada con 500 grabados intercalados, láminas sueltas y el retrato del autor grabado en acero | ||
| 590 | _aInventariado, 2023/BT | ||
| 650 | 4 |
_aNovela española _91123 |
|
| 650 | 4 |
_aLiteratura española _9632 |
|
| 700 | 1 |
_a Castro, Adolfo de _d1823-1898 _eedicción _983238 |
|
| 700 | 1 |
_aPellicer y Saforcada, Juan Antonio , _eedicción _983239 |
|
| 700 | 1 |
_a García de Arrieta, Agustín _eedicción _983240 |
|
| 700 | 1 |
_aClemencín, Diego, _d1765-1834 _eedicción _983241 |
|
| 830 | 0 |
_aBiblioteca Ilustrada de Gaspar y Roig _983215 |
|
| 910 | _aBtavárez/Validado. Control de calidad MFF | ||
| 942 |
_2ddc _cLBS1 |
||
| 999 |
_c53179 _d53179 |
||